000 01191 a2200337 4500
020 _a0201586533
020 _a9780201586534
082 0 4 _a658.049
090 _c224
_d224
100 1 _aGriffin, Ricky W.
245 1 0 _aInternational business :
_ba managerial perspective /
_cRicky W. Griffin.
260 _a[S.l.] :
_bAddison-Wesley Pub (Sd),
_c1995.
300 _a765 p. ;
_c26 cm.
500 _aHardcover.
650 4 _aMultinationals.
650 4 _aInternational Business.
650 4 _aBusiness & Economics.
650 4 _aBusiness / Economics / Finance.
650 4 _aBusiness/Economics.
650 4 _aBUSINESS & ECONOMICS / Exports & Imports.
650 4 _aBusiness & Economics / International / General.
650 4 _aInternational - General.
650 4 _aManagement - General.
650 4 _aInternational business enterprises.
650 4 _aManagement.
650 4 _aManagement & Business: General.
700 1 _aPustay, Michael W.
856 4 0 _3Amazon.com
_uhttp://www.amazon.com/exec/obidos/ASIN/0201586533/chopaconline-20
856 4 0 _3Amazon customer reviews
_uhttp://www.chopac.org/cgi-bin/tools/azrev.pl?q=0201586533
942 _aNBS
_cBK
_k658.049 GRI
999 _c342797
_d342797